| 000 | 00481nam a2200169 i 4500 | ||
|---|---|---|---|
| 001 | 86062 | ||
| 003 | ES-MaACL | ||
| 005 | 20230906175351.0 | ||
| 007 | t| | ||
| 008 | 041207s1923 fr ||||1| fre d | ||
| 100 | 1 |
_aKer, A. _967883 |
|
| 245 | 1 | 3 |
_aLe Comité des Forges et l'ocuppation de la Ruhr / _cA. Ker. |
| 260 |
_aParis : _bLibrairie de l'Humanité, _c[1923] |
||
| 300 |
_a32 p. ; _c24 cm. |
||
| 651 | 4 |
_aRuhr (Alemania)- _xHistoria. _9141661 |
|
| 852 |
_aES-MaACL _j1650-F-12 |
||
| 999 |
_c86062 _d86062 |
||